[Event "DSOL 07 Liga Gr-D 1st"]
[Site "Playchess.com INT"]
[Date "2020.07.08"]
[Round "3.2"]
[White "Zander, Joshua"]
[Black "Lindner, Robin"]
[Result "0-1"]
[WhiteElo "1513"]
[BlackElo "1435"]
[PlyCount "86"]
[EventDate "2020.06.22"]
[EventType "team-tourn (rapid)"]
[EventCountry "GER"]
[SourceTitle "EXT 2021"]
[Source "ChessBase"]
[SourceDate "2020.10.23"]
[SourceVersion "1"]
[SourceVersionDate "2020.10.23"]
[SourceQuality "1"]
[WhiteTeam "Ratzeburg"]
[BlackTeam "Kelheim III"]
[WhiteTeamCountry "GER"]
[BlackTeamCountry "GER"]

1. d4 d5 2. c4 e6 3. Nc3 Nf6 4. Bf4 Bb4 5. Qa4+ Nc6 6. a3 Bxc3+ 7. bxc3 0-0 8. Nf3 Bd7 9. Qc2 dxc4 10. e4 Re8 11. Bxc4 Na5 12. Bd3 Bc6 13. 0-0 a6 14. Bg3 Qd7 15. e5 Ba4 16. Qb1 Nd5 17. c4 Nb6 18. c5 Nd5 19. Bxh7+ Kf8 20. Bd3 Nb3 21. Bc4 Nxa1 22. Qh7 Ke7 23. Bh4+ f6 24. exf6+ Nxf6 25. Qxg7+ Kd8 26. Qxf6+ Kc8 27. Rxa1 Kb8 28. Bg3 Ka7 29. Qe5 Rac8 30. Rb1 Bc6 31. Nd2 Bd5 32. h3 Rf8 33. Bxd5 exd5 34. Nf3 Qh7 35. Qe1 Qg6 36. Qb4 b6 37. cxb6+ cxb6 38. Ne5 Qe6 39. a4 a5 40. Qb5 Qh6 41. Nd7 Rfe8 42. Nc5 Re7 43. Qc4 dxc4 0-1

[Event "Oberpfalz-ch M3"]
[Site "Bad Koetzting"]
[Date "2018.03.27"]
[Round "7"]
[White "Lindner, Robin"]
[Black "Fischer, Agnes"]
[Result "1-0"]
[WhiteElo "1178"]
[BlackElo "1341"]
[PlyCount "97"]
[EventDate "2018.03.24"]
[EventType "swiss"]
[EventRounds "8"]
[EventCountry "GER"]
[SourceTitle "EXT 2020"]
[Source "ChessBase"]
[SourceDate "2019.10.17"]
[SourceVersion "1"]
[SourceVersionDate "2019.10.17"]
[SourceQuality "1"]

1. e4 e5 2. Nf3 Nc6 3. Nc3 Nf6 4. d4 exd4 5. Nxd4 Bb4 6. Nxc6 Bxc3+ 7. bxc3 bxc6 8. Qf3 h6 9. Bc4 Qe7 10. 0-0 0-0 11. Re1 Nh7 12. Qg3 Qd6 13. Bf4 Qf6 14. e5 Qf5 15. Bxh6 g6 16. Bxf8 Nxf8 17. Re2 Ne6 18. Bxe6 dxe6 19. Rd1 Ba6 20. Red2 Kg7 21. Rd8 Rxd8 22. Rxd8 Qxc2 23. h3 Qc1+ 24. Kh2 g5 25. Qf3 Qf4+ 26. Qxf4 gxf4 27. Rd7 Bc4 28. a3 a6 29. Rxc7 Bb5 30. g3 fxg3+ 31. fxg3 Kg6 32. Kg2 f6 33. exf6 Kxf6 34. Kf3 Kf5 35. Rg7 Bf1 36. h4 Kf6 37. Rg5 e5 38. g4 Bd3 39. Rg8 Bc4 40. Rf8+ Kg7 41. Rf5 Bd5+ 42. Ke3 e4 43. Kf4 Bf7 44. Rg5+ Kf6 45. Kxe4 Bg6+ 46. Kf4 Bd3 47. h5 Bc2 48. h6 Bd3 49. Rg7 1-0

[Event "Oberpfalz-ch M3"]
[Site "Bad Koetzting"]
[Date "2018.03.25"]
[Round "3"]
[White "Klinkhammer, Christopher"]
[Black "Lindner, Robin"]
[Result "1-0"]
[WhiteElo "1486"]
[BlackElo "1178"]
[PlyCount "105"]
[EventDate "2018.03.24"]
[EventType "swiss"]
[EventRounds "8"]
[EventCountry "GER"]
[SourceTitle "EXT 2020"]
[Source "ChessBase"]
[SourceDate "2019.10.17"]
[SourceVersion "1"]
[SourceVersionDate "2019.10.17"]
[SourceQuality "1"]

1. c4 e5 2. g3 Nf6 3. Bg2 c6 4. Nf3 d6 5. Nc3 Be6 6. d3 Nbd7 7. 0-0 Be7 8. Ng5 Bf5 9. e4 Bg4 10. f3 Bh5 11. g4 Bg6 12. h4 h6 13. Nh3 h5 14. g5 Nh7 15. f4 exf4 16. Nxf4 Qb6+ 17. d4 0-0-0 18. Na4 Qc7 19. b4 c5 20. bxc5 dxc5 21. Nd5 Qd6 22. Bf4 Qe6 23. Nc7 Qg4 24. Qxg4 hxg4 25. d5 Nhf8 26. d6 Bxg5 27. hxg5 Ne6 28. Nxe6 fxe6 29. e5 Bd3 30. Rfc1 Rdf8 31. Be3 b6 32. Nb2 Be2 33. Rc2 Bf3 34. Nd3 Bxg2 35. Rxg2 Rf3 36. Re2 Rhh3 37. Rae1 Nf8 38. Nf2 Rhg3+ 39. Kh2 Ng6 40. Ne4 Rh3+ 41. Kg1 Nh4 42. Bf2 Nf5 43. Kg2 Rh5 44. Ng3 Nxg3 45. Bxg3 Rxg5 46. Rh1 Kd7 47. Re4 Ra3 48. Re2 a6 49. Rb1 b5 50. cxb5 axb5 51. Rxb5 c4 52. Rb7+ Kd8 53. Bh4 1-0

[Event "Oberpfalz-ch M3"]
[Site "Windischeschenbach"]
[Date "2017.04.08"]
[Round "2"]
[White "Lindner, Robin"]
[Black "Handl, Johann"]
[Result "1-0"]
[WhiteElo "1120"]
[BlackElo "1905"]
[PlyCount "81"]
[EventDate "2017.04.08"]
[EventType "swiss"]
[EventRounds "8"]
[EventCountry "GER"]
[SourceTitle "EXT 2020"]
[Source "ChessBase"]
[SourceDate "2019.10.17"]
[SourceVersion "1"]
[SourceVersionDate "2019.10.17"]
[SourceQuality "1"]

1. e4 d5 2. exd5 Qxd5 3. Nc3 Qf5 4. Nf3 e5 5. d4 Nc6 6. Bd3 Qe6 7. 0-0 Nf6 8. Re1 Bd6 9. Bg5 Nd5 10. Bc4 Nxc3 11. bxc3 Qxc4 12. dxe5 Be7 13. Bxe7 Nxe7 14. Qd2 Bd7 15. Red1 0-0-0 16. Qe3 Nc6 17. Nd4 Rhe8 18. Nxc6 Bxc6 19. Rxd8+ Rxd8 20. h3 f6 21. Qxa7 fxe5 22. Qa8+ Kd7 23. Rd1+ Bd5 24. Qxb7 Ke8 25. Qa7 Qxc3 26. Qa4+ Qc6 27. Qg4 g6 28. Qh4 Qxc2 29. Re1 Qc3 30. Re3 Qa1+ 31. Kh2 e4 32. Qxh7 Qe5+ 33. g3 Qf5 34. Qh8+ Ke7 35. Qh7+ Bf7 36. Kg2 Rd2 37. Qh4+ g5 38. Rxe4+ Kf6 39. Qh6+ Qg6 40. Qh8+ Kf5 41. Qe5# 1-0